Statistics for Street Fighter Tile Quiz

Click here to take the quiz!

General Stats

  • This quiz has been taken 28 times
  • The average score is 63 of 80

Answer Stats

QuestionTileSelect% Correct
Characters in Street Fighter IIChun-LiYes
100%
Characters in Street Fighter IIIbukiNo
100%
Characters in Street Fighter IIKenYes
100%
Characters in Street Fighter IIMakotoNo
100%
Characters in Street Fighter IIRyuYes
100%
Countries represented in Street Fighter IITaiwanNo
100%
Countries represented in Street Fighter IIUnited StatesYes
100%
Characters in Street Fighter IIYunNo
100%
Characters in Street Fighter IIAdonNo
96%
Characters in Street Fighter IIBalrogYes
96%
Characters in Street Fighter IIBirdieNo
96%
Characters in Street Fighter IIDanNo
96%
Characters in Street Fighter IIGenNo
96%
Countries represented in Street Fighter IIIranNo
96%
Countries represented in Street Fighter IIJapanYes
96%
Characters in Street Fighter VKenYes
96%
Characters in Street Fighter VM. BisonYes
96%
Countries represented in Street Fighter IIRussiaYes
96%
Characters in Street Fighter IISakuraNo
96%
Countries represented in Street Fighter IIVietnamNo
96%
Characters in Street Fighter IIZangiefYes
96%
Countries represented in Street Fighter IIBrazilYes
91%
Characters in Street Fighter IICharlieNo
91%
Characters in Street Fighter VDhalsimYes
91%
Countries represented in Street Fighter IIIndiaYes
91%
Countries represented in Street Fighter IIThailandYes
91%
Characters in Street Fighter VBalrogYes
87%
Countries represented in Street Fighter IICanadaNo
87%
Countries represented in Street Fighter IIChinaYes
87%
Countries represented in Street Fighter IIEgyptNo
87%
Countries represented in Street Fighter IIGermanyNo
87%
Characters in Street Fighter VGoukenNo
87%
Characters not present in Street Fighter III: Third StrikeIbukiNo
87%
Characters not present in Street Fighter III: Third StrikeMakotoNo
87%
Characters in Street Fighter VYunNo
87%
Characters in Street Fighter VZangiefYes
87%
Characters in Street Fighter VE. HondaYes
83%
Special Moves in Street Fighter II: The World WarriorMachine Gun UpperNo
83%
Special Moves in Street Fighter II: The World WarriorShienkyakuNo
83%
Countries represented in Street Fighter IISouth KoreaNo
83%
Characters not present in Street Fighter III: Third StrikeYangNo
83%
Characters in Street Fighter VDee JayNo
78%
Characters not present in Street Fighter III: Third StrikeDudleyNo
78%
Countries represented in Street Fighter IIFranceNo
78%
Special Moves in Street Fighter II: The World WarriorHadokenYes
78%
Characters in Street Fighter VRufusNo
78%
Characters not present in Street Fighter III: Third StrikeSeanNo
78%
Special Moves in Street Fighter II: The World WarriorShoryukenYes
78%
Special Moves in Street Fighter II: The World WarriorSpinning Bird KickYes
78%
Special Moves in Street Fighter II: The World WarriorSpinning PiledriverYes
78%
Special Moves in Street Fighter II: The World WarriorYoga FireYes
78%
Characters in Street Fighter VAdonNo
74%
Characters not present in Street Fighter III: Third StrikeChun-LiNo
74%
Characters in Street Fighter VMakotoNo
74%
Characters in Street Fighter VR. MikaYes
74%
Characters in Street Fighter IICammyYes
70%
Special Moves in Street Fighter II: The World WarriorDouble FlashNo
70%
Characters not present in Street Fighter III: Third StrikeE. HondaYes
70%
Characters not present in Street Fighter III: Third StrikeGoukenYes
70%
Characters in Street Fighter VSakuraYes
70%
Characters in Street Fighter VCodyYes
65%
Countries represented in Street Fighter IIMexicoYes
65%
Special Moves in Street Fighter II: The World WarriorRekkashinkenNo
65%
Characters in Street Fighter IIAkumaYes
61%
Characters not present in Street Fighter III: Third StrikeCharlieYes
61%
Characters not present in Street Fighter III: Third StrikeCodyYes
61%
Characters not present in Street Fighter III: Third StrikeGuileYes
61%
Special Moves in Street Fighter II: The World WarriorSumo SmashYes
61%
Characters not present in Street Fighter III: Third StrikeEvil RyuYes
57%
Special Moves in Street Fighter II: The World WarriorFlying Barcelona AttackYes
57%
Characters not present in Street Fighter III: Third StrikeKarinYes
57%
Special Moves in Street Fighter II: The World WarriorTomahawk BusterNo
57%
Special Moves in Street Fighter II: The World WarriorElectric ThunderYes
52%
Special Moves in Street Fighter II: The World WarriorSpiral ArrowNo
52%
Characters not present in Street Fighter III: Third StrikeDanYes
48%
Special Moves in Street Fighter II: The World WarriorKikokenNo
43%
Characters not present in Street Fighter III: Third StrikeGuyYes
39%
Characters not present in Street Fighter III: Third StrikeSakuraYes
39%
Special Moves in Street Fighter II: The World WarriorYoga TeleportNo
30%
Characters in Street Fighter VCharlieNo
26%

Score Distribution

Percentile by Number Answered

Percent of People with Each Score

Your Score History

You have not taken this quiz